LEADER 00848nam0-22003011i-450- 001 990001070410403321 010 $a3-540-16890-7 035 $a000107041 035 $aFED01000107041 035 $a(Aleph)000107041FED01 035 $a000107041 100 $a20000920d1986----km-y0itay50------ba 101 0 $aeng 200 1 $aConformal Description of Spinning Particles$fIvan T. Todorov 210 $aBerlin [etc.]$cSpringer-Verlag$d1986 225 1 $aTrieste Notes in Physics 610 0 $aTeoria dei gruppi 610 0 $aPrincipi di simmetria 676 $a512 700 1$aTodorov,$bIvan T.$045013 801 0$aIT$bUNINA$gRICA$2UNIMARC 901 $aBK 912 $a990001070410403321 952 $a10A-195$b13952$fFI1 959 $aFI1 996 $aConformal Description of Spinning Particles$9339907 997 $aUNINA DB $aING01 LEADER 03826 am 22006013u 450 001 9910297051903321 005 20170816114922.0 010 $a1-299-42298-5 010 $a3-653-00480-2 035 $a(CKB)2670000000253376 035 $a(EBL)1056508 035 $a(OCoLC)818881157 035 $a(SSID)ssj0000751017 035 $a(PQKBManifestationID)12306173 035 $a(PQKBTitleCode)TC0000751017 035 $a(PQKBWorkID)10751897 035 $a(PQKB)10475049 035 $a(MiAaPQ)EBC1056508 035 $a(EXLCZ)992670000000253376 100 $a20121003d2009 uy 0 101 0 $aeng 135 $aur|n|---||||| 181 $ctxt 182 $cc 183 $acr 200 10$aEconometric analysis in poverty research$b[electronic resource] $ewith case studies from developing countries /$fJohannes Gra?b 210 $aFrankfurt am Main ;$aNew York $cPeter Lang$d2009 215 $a1 online resource (152 p.) 225 1 $aGo?ttinger Studien zur Entwicklungso?konomik = Go?ttingen Studies in development economics,$x1439-3395 ;$vBd. 26 300 $aDescription based upon print version of record. 311 $a3-631-59710-X 320 $aIncludes bibliographical references. 327 $aContents; List of Tables xiv; List of Figures xv; List of Abbreviations xvii; Introduction and Overview 1; 1 Robust Multiperiod Poverty Comparisons 9; 1.1 Introduction 10; 1.2 Methodology 11; 1.2.1 Stochastic dominance in a one-period welfare measure 11; 1.2.2 Stochastic dominance in a two-period welfare measure 13; 1.2.3 Stochastic dominance in a n-period welfare measure 17; 1.2.4 Relative poverty comparison 18; 1.2.5 Estimation and inference 18; 1.2.6 Bounds to multidimensional dominance 19; 1.3 Empirical illustration 19; 1.3.1 Data 19 327 $a1.3.2 Robust multiperiod poverty comparisons for the two- period case 201.3.3 Robust multiperiod relative poverty comparisons for the two-period case within and across countries 27; 1.3.4 Robust multiperiod poverty comparisons for the n-period case 30; 1.4 Discussion 31; 2 Spatial inequalities explained - Evidence from Burkina Faso 33; 2.1 Introduction 34; 2.2 Regional Growth and Inequality in Burkina Faso 36; 2.3 Data and Empirical Strategy 40; 2.3.1 Data 40; 2.3.2 Empirical Strategy 44; 2.4 Results: Sources of Spatial Inequality 49; 2.4.1 Model M0: The null model 49 327 $a2.4.2 Model M1: The role of household characteristics 552.4.3 Model M2: The role of community characteristics 57; 2.4.4 Model M3: The role of provincial and regional characteristics 59; 2.4.5 Model M4: Variations in household level effects across communities 61; 2.5 Conclusion 65; 3 Low Malnutrition but High Mortality: Explaining the Paradox of theLake Victoria Region 67; 3.1 Introduction 68; 3.2 The Paradox 71; 3.3 Theoretical Framework 75; 3.4 Geography vs. Ethnicity: The Kenyan Context 78; 3.4.1 Nutritional Environment 78; 3.4.2 Epidemiological Factors 81; 3.4.3 Cultural Factors 83 327 $a3.5 Empirical Findings 853.5.1 Data 85; 3.5.2 Descriptive Statistics 90; 3.5.3 Method 95; 3.5.4 Regression Results 98; 3.6 Conclusion 111 410 0$aGo?ttinger Studien zur Entwicklungso?konomik ;$v26. 606 $aPoverty$zDeveloping countries 606 $aEconomic development$zDeveloping countries 606 $aCommunity development$zDeveloping countries 607 $aDeveloping countries$xEconomic conditions$xEconometric models 615 0$aPoverty 615 0$aEconomic development 615 0$aCommunity development 676 $a339.46091724 700 $aGra?b$b Johannes$f1980-$0902820 801 0$bMiAaPQ 801 1$bMiAaPQ 801 2$bMiAaPQ 906 $aBOOK 912 $a9910297051903321 996 $aEconometric analysis in poverty research$92018178 997 $aUNINA LEADER 08813nam 22005413 450 001 996588063903316 005 20240320170809.0 010 $a90-485-5575-2 024 7 $a10.1515/9789048555758 035 $a(CKB)30381517800041 035 $a(MiAaPQ)EBC31202969 035 $a(Au-PeEL)EBL31202969 035 $a(DE-B1597)678505 035 $a(DE-B1597)9789048555758 035 $a(OCoLC)1427048659 035 $a(EXLCZ)9930381517800041 100 $a20240311d2024 uy 0 101 0 $aeng 135 $aur||||||||||| 181 $ctxt$2rdacontent 182 $cc$2rdamedia 183 $acr$2rdacarrier 200 10$aDoing Digital Migration Studies $eTheories and Practices of the Everyday 205 $a1st ed. 210 1$aAmsterdam :$cAmsterdam University Press,$d2024. 210 4$d©2024. 215 $a1 online resource (390 pages) 225 1 $aMedia, Culture and Communication in Migrant Societies Series ;$vv.3 311 $a94-6372-577-6 327 $aCover -- Table of Contents -- Acknowledgements -- Doing Digital Migration Studies: Introduction -- Koen Leurs and Sandra Ponzanesi -- Section I: Creative practices -- Introduction to Section I: Creative Practices -- Karina Horsti -- 1. Against and Beyond Mimeticism: A Cinematic Ethics of Migration Journeys in Documentary Auto-Ethnography -- Nadica Deni? -- 2. Archival Participatory Filmmaking in Migration and Border Studies -- Irene Gutiérrez Torres -- 3. Embodying Data, Shifting Perspective: A Conversation with Ahnjili Zhuparris on Future Wake -- Rosa Wevers with Ahnjili Zhuparris -- Section II: Digital Diasporas and Placemaking -- Introduction to Section II: Digital Diasporas and Placemaking -- Mihaela Nedelcu -- 4. Friendship, Connection and Loss: Everyday Digital Kinning and Digital Homing among Chinese Transnational Grandparents in Perth, Australia -- Catriona Stevens, Loretta Baldassar and Raelene Wilding -- 5. An Exploration of African Digital Cosmopolitanism -- Fungai Machirori -- 6. YouTube Became the Place Where "I Could Breathe" and Start "to Sell my Mouth": Congolese Refugee YouTubers in Nairobi, Kenya -- Marie Godin and Bahati Ghislain -- Section III: Affect and Belonging -- Introduction to Section III: Affect and Belonging -- Athina Karatzogianni -- 7. Digital Communication, Transnational Relationships and the Making of Place Among Highly Skilled Migrants during the Covid-19 Pandemic -- Elisabetta Costa -- 8. When Immovable Bodies Meet Unstoppable Media Circulation: The Aporetic Body in Digital Migration Studies -- Nishant Shah -- 9. Queer Digital Migration Research: Two Case Studies -- Yener Bayramo?lu -- Section IV: Visuality and Digital Media -- Introduction to Section IV: Visuality and Digital Media -- Giorgia Aiello -- 10. Migrant Agency and Platformed Belongings: The Case of TikTok. 327 $aDaniela Jaramillo-Dent, Amanda Alencar and Yan Asadchy -- 11. Affective Performances of Rooted Cosmopolitanism Through Facebook During the Festival International de Folklore et de Percussion in Louga, Senegal -- Estrella Sendra -- 12. Situating the Body in Digital Migration Research: Embodied Methodologies for Analysing Virtual Reality Films on Displacement -- Moé Suzuki -- Section V: Datafication, Infrastructuring and Securitization -- Introduction to Section V: Datafication, Infrastructuring and Securitization -- Saskia Witteborn -- 13. The Weaponization of Datafied Sound: The Case of Voice Biometrics in German Asylum Procedures -- Daniel Leix Palumbo -- 14. McKinsey Consultants and Technocratic Fantasies: Crafting the Illusion of Orderly Migration Management in Greece -- Lud?k Stavinoha -- 15. Undocumented and Datafied: Anticipation, Borders and Everyday Life -- Kaarina Nikunen and Sanna Valtonen -- Section VI: Conclusions -- Conclusions: On Doing Digital Migration Studies -- Koen Leurs and Sandra Ponzanesi -- Index -- List of Figures and Tables -- Figure 0.1. Visual harvesting of ideas, Migrant Belongings. Digital Practices and the Everyday conference, by visual artist Renée van den Kerkhof. -- Figure 1.1. Zahra playing in the camp. Film still from Midnight Traveler (2019). Courtesy of Hassan Fazili. Copyright The Party Film Sales, Old Chilly Pictures, ITVS, POV | American Documentary. -- Table 2.1? Characteristics of the three case studies, including the workshops (process) and the films (results) -- Figure 2.1. Nine of the eleven directors of The Way it Goes in the film's Q& -- A at the Círculo de Bellas Artes de Madrid, IV 1st Person Film Festival A Home. Madrid, 6 November 2019, Photo by Irene Gutiérrez. -- Figure 3.1. Still 1 from Future Wake (2021). Courtesy of Zhuparris and van Ommeren. 327 $aFigure 3.2. Still 2 from Future Wake (2021). Courtesy of Zhuparris and van Ommeren. -- Figure 6.1. "Be careful in this election period / Going back at home earlier" (Mwirinde Muriki Gihe Camatora / Gutaha Kare Ningombwa). Video by Kanyamukwengo, still from https://www.youtube.com/watch?v=50hbtrRn_VM. -- Figure 6.2. "Be careful in these days of election / Go back home earlier // it's important" (Mwirinde murikigihe amatora / Gutaha kare ningombwa). Video by Kanyamukwengo, still from https://www.youtube.com/watch?v=50hbtrRn_VM. -- Figure 7.1. The author is conducting an interview with a research participant who was waiting for the results of a Covid-19 PCR test. Photo by Marina De Giorgi. -- Figure 8.1. Performance artist Anushka Nair, performing the task of naming the unnamed migrant workers in India who died trying to return home during the Covid-19 lockdown. Photo by Anushka Nair. -- Figure 8.2. Participants in the performance performing the labour of writing names on rice to revitalise the names otherwise forgotten. Photo by Anushka Nair. -- Figure 9.1. A screenshot of the main stage of Madi Ancestors. -- Figure 9.2. Leman posting a sticker on a wall in Neukölln, Berlin, 2021. Photo by Yener Bayramo?lu. -- Figure 9.3. A defaced sticker on a lamppost in Kreuzberg, Berlin, 2021. Photo by Yener Bayramo?lu. -- Figure 10.1. Proposed forms of agency and belonging, characteristics and examples. -- Figure 11.1. Audiences gathering at the Place Civique during the 15th FESFOP. Rooted cosmopolitans stay by the back on the left, along with artists performing in the festival. Photo by Estrella Sendra, 30 December 2015. 327 $aFigure 13.1. Illustration of the use of voice biometrics on asylum applicants. Note. The slide is taken from the training documents for BAMF personnel. It provides an overview explaining in which cases voice biometrics are used and illustrates the procedu -- Figure 13.2. Sample of a voice biometrics result report. Note. The slide shows what a result report produced by BAMF's voice biometrics looks like. The report consists of three different sections: the first lists the dialects/accents assessed for the asyl -- Figure 14.1. McKinsey & -- Company study on the operationalization of the EU-Turkey statement. -- Figure 14.2. McKinsey's breakdown of migrant population on Chios, Greece, in March 2016. 330 $aDoing Digital Migration present a comprehensive entry point to the variety of theoretical debates, methodological interventions, political discussions and ethical debates around migrant forms of belonging as articulated through digital practices. Digital technologies impact upon everyday migrant lives, while vice versa migrants play a key role in technological developments - be it when negotiating the communicative affordances of platforms and devices, as consumers of particular commercial services such as sending remittances, as platform gig workers or test cases for new advanced surveillance technologies. With its international scope, this anthology invites scholars to pluralize understandings of 'the migrant' and 'the digital'. The anthology is organized in five different sections: Creative Practices; Digital Diasporas and Placemaking; Affect and Belonging; Visuality and digital media and Datafication, Infrastructuring, and Securitization. These sections are dedicated to emerging key topics and debates in digital migration studies, and sections are each introduced by international experts. 410 0$aMedia, Culture and Communication in Migrant Societies Series 606 $aSOCIAL SCIENCE / Emigration & Immigration$2bisacsh 610 $aMigration, belonging, digital practices, digital migration studies, diaspora. 615 7$aSOCIAL SCIENCE / Emigration & Immigration. 676 $a304.8072 700 $aLeurs$b Koen$0803531 701 $aPonzanesi$b Sandra$f1967-$01462597 801 0$bMiAaPQ 801 1$bMiAaPQ 801 2$bMiAaPQ 906 $aBOOK 912 $a996588063903316 996 $aDoing Digital Migration Studies$94132195 997 $aUNISA